| 000 | 00384nam a2200157Ia 4500 | ||
|---|---|---|---|
| 008 | 240126s9999 xx 000 0 und d | ||
| 022 | _a0972-2629 | ||
| 041 | _aEnglish | ||
| 082 | _aLIBRARY-XII | ||
| 245 | 0 | _aVision (2005) | |
| 260 |
_bManagement Development Institute _aGurgaon |
||
| 440 | _aNULL | ||
| 650 | _aManagement | ||
| 650 | _aVision,(2005),Management | ||
| 942 | _cJN | ||
| 999 |
_c270582 _d270582 |
||